| 000 | 00867nmc a2200289 a 4500 | ||
|---|---|---|---|
| 003 | AR-BaBNM | ||
| 005 | 20251128211027.0 | ||
| 008 | 172020s1997 ||||||||||||||000 | spa|| | ||
| 040 | _cAR-BaBNM | ||
| 100 | 1 | _aAlderete, Judith | |
| 245 | 1 | 0 |
_aSistemas numéricos _n1 |
| 260 |
_aMendoza _bDirección General de Escuelas _c1997 |
||
| 300 | 0 | _a120 p. | |
| 490 | 0 | _aMatemática para la educación básica. Serie roja: El mundo de los números y la aritmética | |
| 600 | 1 | 4 | _aGauss, Carl Friedrich |
| 650 | 4 | _aENSENANZA DE LAS MATEMATICAS | |
| 650 | 4 | _aPERFECCIONAMIENTO DEL DOCENTE | |
| 650 | 4 | _aNUMERACION | |
| 650 | 4 | _aARITMETICA | |
| 651 | 4 | _aMendoza | |
| 653 | 0 | _aSISTEMAS NUMERICOS | |
| 700 | 1 | _aIturrioz, Ketty | |
| 700 | 1 | _aSantander, Mirna | |
| 810 | 1 |
_aMendoza [provincia] _bDirección General de Escuelas |
|
| 942 | _cBK | ||
| 998 | _craquel | ||
| 999 |
_c17952 _d17952 |
||